Topics from the theory of numbers

Saved in:
Bibliographic Details
Main Author: Grosswald, Emily
Format: Book
Language:English
Published: New York : Macmillan, c1966
Subjects:
Tags: Add Tag
No Tags, Be the first to tag this record!

MARC

LEADER 00000cam a2200000 i 4500
001 1/12333
008 110309s1966 eng d
035 |l 10109745 
040 |a GR-MY-UA  |b gre  |e aacr 
041 0 |a eng 
082 0 |a 512.9  |2 (22) 
100 1 |a Grosswald, Emily. 
245 1 0 |a Topics from the theory of numbers /  |c Emil Grosswald 
260 |a New York :   |b Macmillan,   |c c1966 
300 |a xiv, 298 σ.;  |c 24 εκ. 
504 |a Περιέχει βιβλιογραφία 
650 0 0 |a Number theory. 
852 |a INST  |b SAMOS  |c MAG  |e 20110309  |h 512.7 GRO  |p 005300032962  |q 005300032962  |t BK  |y 0 
901 |a BIBL3-2011-1 
909 |a Σ  |b 166970 
970 |a ΓΟΥΒΑΛΑ  |b ΒΑΣΩ  |z 2011/03/09